English for enjoiment

Guardat en:
Dades bibliogràfiques
Format: Llibre
Idioma:Undetermined
Publicat: Maskva Vysšaja škola 1980
Matèries:
Etiquetes: Afegir etiqueta
Sense etiquetes, Sigues el primer a etiquetar aquest registre!
Thư viện lưu trữ: Trung tâm Học liệu Trường Đại học Cần Thơ
LEADER 00400nam a2200157Ia 4500
001 CTU_389
008 210402s9999 xx 000 0 und d
082 |a 428 
082 |b E58 
245 0 |a English for enjoiment 
260 |a Maskva 
260 |b Vysšaja škola 
260 |c 1980 
650 |a English language 
904 |i Minh, 960722 
980 |a Trung tâm Học liệu Trường Đại học Cần Thơ